LIBRARY ONLINE CATALOGUE

Management : (Record no. 8539)

MARC details
000 -LEADER
fixed length control field 00767nam a22002412 4500
001 - CONTROL NUMBER
control field 0000013602
005 - DATE AND TIME OF LATEST TRANSACTION
control field 20151217152127.0
008 - FIXED-LENGTH DATA ELEMENTS--GENERAL INFORMATION
fixed length control field 090928s xx 000 0 eng d
020 ## - INTERNATIONAL STANDARD BOOK NUMBER
International Standard Book Number 0415320186 :
040 ## - CATALOGING SOURCE
Original cataloging agency KABU
Transcribing agency KABU
100 1# - MAIN ENTRY--PERSONAL NAME
Personal name Witzel, Morgen.
-- 0000171068
245 10 - TITLE STATEMENT
Title Management :
Remainder of title the basics /
Statement of responsibility, etc. Morgen Witzel.
250 ## - EDITION STATEMENT
Edition statement 1st ed.
260 ## - PUBLICATION, DISTRIBUTION, ETC. (IMPRINT)
Place of publication, distribution, etc. London :
Name of publisher, distributor, etc. Routledge,
Date of publication, distribution, etc. 2004.
300 ## - PHYSICAL DESCRIPTION
Extent 217 p.
650 #0 - SUBJECT ADDED ENTRY--TOPICAL TERM
Topical term or geographic name as entry element Management.
-- 0000083920
852 1# - LOCATION
-- p1689 KES
852 1# - LOCATION
-- p1559 KES
852 1# - LOCATION
-- p1430 KES
852 1# - LOCATION
-- p1430 KES
908 ## - PUT COMMAND PARAMETER (RLIN)
Put command parameter 090928
950 ## - LOCAL HOLDINGS (RLIN)
-- 1
Holdings
Withdrawn status Lost status Source of classification or shelving scheme Not for loan Home library Current library Date acquired Total Checkouts Full call number Barcode Date last seen Price effective from Koha item type Damaged status Date last checked out Total Renewals
    Library of Congress Classification   Kabarak, Main Campus Kabarak, Main Campus 17/12/2015   HD31 .W58 2004 c. 1 18172 17/12/2015 17/12/2015 General Collection      
  Lost Library of Congress Classification   Kabarak, Main Campus Kabarak, Main Campus 17/12/2015 1 HD31 .W58 2004 c. 2 23735 22/01/2016 17/12/2015 General Collection   22/01/2016  
    Library of Congress Classification   Kabarak, Main Campus Kabarak, Main Campus 17/12/2015 2 HD31 .W58 2004 c. 3 21975 02/08/2024 17/12/2015 General Collection   18/02/2020  
    Library of Congress Classification   Kabarak, Main Campus Kabarak, Main Campus 17/12/2015 5 HD31 .W58 2004 c. 4 21978 13/05/2025 17/12/2015 General Collection   13/05/2025 1